Länder mit dem niedrigsten Alphabetwert - Statistiken

Allgemein
  • Dieses Quiz wurde 71 mal gespielt
  • Das Durchschnittsergebnis liegt bei 7 aus 22
Antwortstatistiken
Alphabetwert Land % Korrekt
7,0 China
65%
5,3 Kanada
63%
7,4 Chile
58%
7,3 Albanien
52%
7,7 Belgien
50%
6,4 Bahamas
46%
7,8 Barbados
42%
6,2 Ghana
40%
7,7 Panama
38%
7,6 Bahrain
35%
7,6 Madagaskar
35%
7,0 Namibia
29%
6,9 Bangladesch
27%
8,0 Kenia
27%
5,5 Gambia
25%
6,6 Jamaika
23%
7,7 Kambodscha
19%
7,5 Sambia
15%
7,1 Grenada
13%
8,0 Liberia
10%
8,0 Uganda
8%
8,0 Aserbaidschan
6%
Keine übereinstimmenden Quizze gefunden
Verteilung der Resultate
Anzahl Personen mit jedem Resultat
Perzentil nach korrekt beantworteten Fragen
Ihre Resultats-Entwicklung
Sie haben dieses Quiz noch nicht gespielt